| 000 | 00749nam a2200277 a 4500 | ||
|---|---|---|---|
| 001 | 28971 | ||
| 003 | BD-RjUL | ||
| 005 | 20211209051344.0 | ||
| 008 | 140401s1972 enk b 001 0 eng d | ||
| 035 | _a(BD-RjUL)29055 | ||
| 035 | _a(OCoLC)513265 | ||
| 040 |
_aDLC _beng _cDLC _dBD-RjUL |
||
| 041 | _aeng | ||
| 082 | 0 | 0 |
_a121 _bRUP 1972 |
| 100 | 1 |
_aRundle, Bede. _988506 |
|
| 245 | 1 | 0 |
_aPerception, sensation and verification / _cBede Rundle. |
| 260 |
_aOxford : _bClarendon Press, _cc1972. |
||
| 300 |
_aviii, 256 p. ; _c23 cm. |
||
| 504 | _aIncludes index. | ||
| 650 | 0 |
_aPerception. _988507 |
|
| 650 | 0 |
_aSenses and sensation. _95252 |
|
| 650 | 0 |
_aCognition. _988508 |
|
| 942 |
_2ddc _cBK |
||
| 999 |
_c28971 _d28971 |
||